Nghiên cứu chế tạo vật liệu hấp thụ dạng hạt từ Bentonite Lâm Đồng Luận văn Thạc sĩ Hoá học. Chuyên ngành: Hoá lý thuyết và Hoá lý

Luận văn "Nghiên cứu chế tạo vật liệu hấp phụ dạng hạt từ bentonite Lâm Đồng" nhằm mục đích chế tạo được vật liệu hấp phụ có khả năng sử dụng được nhiều lần từ nguồn tài nguyên của đất nước....

Fuld beskrivelse

Đã lưu trong:
Bibliografiske detaljer
Hovedforfatter: Trương, Hoàng Luôn
Format: Bog
Sprog:Undetermined
Udgivet: Cần Thơ Trường Đại học Cần Thơ 2010
Fag:
Tags: Tilføj Tag
Ingen Tags, Vær først til at tagge denne postø!
Thư viện lưu trữ: Trung tâm Học liệu Trường Đại học Cần Thơ
LEADER 01210nam a2200217Ia 4500
001 CTU_161675
008 210402s9999 xx 000 0 und d
082 |a 549 
082 |b L517 
088 |a 60440119 
100 |a Trương, Hoàng Luôn 
245 0 |a Nghiên cứu chế tạo vật liệu hấp thụ dạng hạt từ Bentonite Lâm Đồng 
245 0 |b Luận văn Thạc sĩ Hoá học. Chuyên ngành: Hoá lý thuyết và Hoá lý 
245 0 |c Trương Hoàng Luôn ; Bùi Thanh Hương ( Hướng dẫn khoa học) 
260 |a Cần Thơ 
260 |b Trường Đại học Cần Thơ 
260 |c 2010 
520 |a Luận văn "Nghiên cứu chế tạo vật liệu hấp phụ dạng hạt từ bentonite Lâm Đồng" nhằm mục đích chế tạo được vật liệu hấp phụ có khả năng sử dụng được nhiều lần từ nguồn tài nguyên của đất nước. 
650 |a Khoáng vật học,Crystallography,Tinh thể học,Mineralogy 
904 |i Linh Cát, Trọng Hiếu 
980 |a Trung tâm Học liệu Trường Đại học Cần Thơ